banner-ar

The Last Hammams of Cairo : (Record no. 60674)

MARC details
000 -الفاتح
حقل البيانات ثابتة الطول 00832nam a22002417a 4500
005 - وقت وتاريخ اخر تعامل مع التسجيلة
رقم الضبط 20240530110422.0
008 - عناصر البيانات ثابتة الطول - معلومات عامة
حقل البيانات ثابتة الطول 150312s2009 ua ao f b 000 0 eng d
020 ## - الرقم الدولى المعيارى للكتب
الرقم الدولى المعيارى للكتاب 977416249
040 ## - مصدر الفهرسة
وكالة الفهرسة الأصلية EG-CaGPL
وكالة النسخ EG-CaGPL
082 04 - رقم تصنيف ديوى العشرى
رقم الطبعة 21
رقم التصنيف 725.73
رقم المادة CC/T L
100 1# - المدخل الرئيسى - إسم شخصى
الإسم الشخصى Telmissany , May
245 14 - بيان العنوان
العنوان The Last Hammams of Cairo :
بقية العنوان A Disappearing Bathhouse Culture /
بيان المسئوليه,etc Text by May Telmissany and Eve Gandossi ; Photographs by Pascal Meunier
260 ## - PUBLICATION, DISTRIBUTION, ETC. (IMPRINT)
تاريخ النشر أو التوزيع 2009.
300 ## - الوصف المادى
التعداد 134 P. :
تفاصيل ماديه اخرى للوعاء col. ill. , photos ;
أبعاد الوعاء 32 cm.
504 ## - تبصرة ببليوجرافية
تبصرة ببليوجرافية,الخ Includes bibliographical references.
650 0# - المدخل الاضافى بالموضوع-مصطلح موضوعى
مصطلح موضوعي Baths
التقسيم الفرعي العام Turkish
650 0# - المدخل الاضافى بالموضوع-مصطلح موضوعى
مصطلح موضوعي Bathhouses
التقسيم الفرعي العام Egypt
700 1# - المدخل الاضافى - اسم شخصى
الإسم الشخصى Meunier , Pascal
الدور Photography
700 1# - المدخل الاضافى - اسم شخصى
الإسم الشخصى Gandossi , Eve
الدور jt. auth.
942 ## - عناصر المدخل الإضافي( كوها)
مصدر التصنيف او مخطط الترفيف Dewey Decimal Classification
Koha [default] item type كتاب
260 ## - PUBLICATION, DISTRIBUTION, ETC. (IMPRINT)
-- Cairo :
-- The American University in Cairo Press,
Holdings
حالة التراجع حالة الفقد مصدر التصنيف او خطة الترفيف حالة تلف ليس للاعارة المكان المؤقت الموقع الحالى تاريخ الاكتساب اجمالي اﻻعارات رقم الطلب الباركود تاريخ اخر مشاهدة تاريخ تفعيل السعر نوع وعاء كوها
    ddc     مكتبة القاهرة الكبرى مكتبة القاهرة الكبرى 03/12/2015   725.73 CC/T L 159774 03/12/2015 03/12/2015 كتاب

Powered By

EGPV